Statystyki dla Najpopularniejsze Polskie kanały na youtube w 2013

Kliknij tutaj aby rozwiązać quiz!

Ogólne statystyki

  • Ten quiz został rozwiązany 172 razy
  • Średni wynik to 3 z 10

Statystyki odpowiedzi

Liczba SubskrypcjiNazwa kanału% Poprawnych
256,696Blowek
88%
221,357Polski Pingwin
43%
518,307Niekryty Krytyk
29%
291,357skkf
28%
314,832Rockalone2k
21%
310,307Rojo
20%
294,153agdalenaMariaMonika
18%
276,929JJayJoker
16%
219,820Minecraftpolska
13%
269,694ProstoTV
5%

Rozkład punktacji

Percentyl według liczby udzielonych odpowiedzi

Procent ludzi z każdym wynikiem

Twoja historia wyników

Nie rozwiązałeś tego quizu